书目信息 |
| 题名: |
公共政策概论
|
|
| 作者: | 刘春 主编 | |
| 分册: | ||
| 出版信息: | 北京 当代世界出版社 2000 |
|
| 页数: | 225页 | |
| 开本: | 20cm | |
| 丛书名: | ||
| 单 册: | ||
| 中图分类: | D05 | |
| 科图分类: | ||
| 主题词: | 政党--理论 | |
| 电子资源: | ||
| ISBN: | 7-80115-320-0 | |
| 000 | 00520nam0 2200193 450 | |
| 001 | 0753865515 | |
| 005 | 20070923145838.45 | |
| 010 | @a7-80115-320-0@dCNY10.10 | |
| 100 | @a20070923d2000 km y0chiy0120 ea | |
| 101 | 0 | @achi |
| 102 | @aCN | |
| 200 | 1 | @a公共政策概论@Agong gong zheng ce gai lun@f刘春主编@Fliu chun zhu bian |
| 210 | @a北京@c当代世界出版社@d2000 | |
| 215 | @a225页@d20cm | |
| 606 | 0 | @a政党@x理论 |
| 690 | @aD05@v3 | |
| 701 | 0 | @a刘春@Aliu chun@4主编 |
| 801 | 0 | @aCN@bPFT@c20070923 |
| 905 | @a10447@dD05@e10 | |
| 公共政策概论/刘春主编.-北京:当代世界出版社,2000 |
| 225页;20cm |
| ISBN 7-80115-320-0:CNY10.10 |
| ● |
| 相关链接 |
|
|
|
|
正题名:公共政策概论
索取号:D05/10
 
预约/预借
| 序号 | 登录号 | 条形码 | 馆藏地/架位号 | 状态 | 备注 |
| 1 | 0624590 | 206245909 | 第一样本阅览室/ [索取号:D05/10] | 在馆 |